Research Methodology Methods and Techniques 3rd ed., In two Colur (Record no. 5346)

000 -LEADER
fixed length control field 00332nam a2200109Ia 4500
008 - FIXED-LENGTH DATA ELEMENTS--GENERAL INFORMATION
fixed length control field 200302s9999 xx 000 0 und d
100 ## - MAIN ENTRY--PERSONAL NAME
Personal name C R Korhari and Gaurav Garg
245 ## - TITLE STATEMENT
Title Research Methodology Methods and Techniques 3rd ed., In two Colur
260 ## - PUBLICATION, DISTRIBUTION, ETC.
Name of publisher, distributor, etc. New Age International Pvt. Ltd. Publishers
260 ## - PUBLICATION, DISTRIBUTION, ETC.
Date of publication, distribution, etc. 2015
300 ## - PHYSICAL DESCRIPTION
Extent 449
Holdings
Withdrawn status Lost status Source of classification or shelving scheme Damaged status Not for loan Permanent Location Current Location Date acquired Cost, normal purchase price Total Checkouts Full call number Barcode Date last seen Date last checked out Price effective from Koha item type Public note Total Renewals
          BMS College of Architecture, Design and Planning BMS College of Architecture, Design and Planning 2020-03-03 275.00 2 001.42 CL-PG23436 2022-07-29 2022-07-21 2020-03-03 PG Books from CL S-01  
          BMS College of Architecture, Design and Planning BMS College of Architecture, Design and Planning 2020-03-03 275.00 4 001.42 CL-PG23437 2022-10-21 2022-10-20 2020-03-03 PG Books from CL S-01  
          BMS College of Architecture, Design and Planning BMS College of Architecture, Design and Planning 2020-03-03 275.00 4 001.42 CL-PG23438 2025-12-08 2025-09-18 2020-03-03 PG Books from CL S-01 1
Copyright © 2025, The Librarian, Library and Information Centre, BMSCA D&P, Bengaluru. All Rights Reserved
web counter

Powered by Koha